000 00237nam a2200097Ia 4500
008 240331s9999 xx 000 0 und d
082 _bBRO
100 _aBrowning, D.C
245 0 _aRoget's Thesaurus of english words and phrases
942 _cL
999 _c3218
_d3218